| 000 | 00689nam a22002177a 4500 | ||
|---|---|---|---|
| 999 |
_c15145 _d15145 |
||
| 003 | AR-CdUCM | ||
| 008 | 190426b ||||| |||| 00| 0 spa d | ||
| 020 | _a9972-40-383-1 | ||
| 040 |
_aMUNICIPALIDAD PROVINCIAL DEL CUSCO _cBIBLIOTECA MUNICIPAL DEL CUSCO |
||
| 082 |
_aPI / 808.06 / _bW324 |
||
| 100 |
_aWatanabe, José _917790 |
||
| 245 | _aAndrés Nuez perdido entre las frutas / | ||
| 260 |
_aLima : _bPeisa Quirquincho, _c2006. |
||
| 300 |
_a16 páginas ; _bFotografías, _c15 cm. |
||
| 650 |
_aCuentos _9217 |
||
| 650 |
_aMamá nuez _934162 |
||
| 650 |
_aInfantil _96210 |
||
| 700 |
_aRamos Aldana, César (fotografía) _934163 |
||
| 942 |
_2ddc _cLIBROS |
||
| 945 |
_adavv _d26/04/2019 |
||